Мистични изречения (Запис номер 493368)
[ съкратено ]
| 000 -Лидер | |
|---|---|
| Контролно поле с фиксирана дължина | 01668nam a2200289 a 4500 |
| 003 - Код на организацията, давaща контролен номер | |
| Контролно поле | BLK |
| 005 - Дата и час на последна редакция | |
| Контролно поле | 20240404145054.0 |
| 008 - Елементи от данни с фиксирана дължина | |
| fixed length control field | 201211b bu |||||r|||| 00| | bu d |
| 020 ## - Международен стандартен номер на книга ISBN | |
| Международен стандартен номер на книга ISBN | 9786197449945 |
| 040 ## - Източник на каталожния запис | |
| Идентификатор на билиотеката - собственик на записа | BLK |
| 041 ## - Код за език | |
| Код за езика на текст/звукозапис или на отделно заглавие | Български |
| Код за езика КДБФ | Български |
| 080 ## - УДК | |
| Текстов определител УДК | Философски мистицизъм. Ранни езотерични школи. Кабала. Теософия. Антропософия. Суфизъм. Еклектизъм. Синкретизъм. Херметизъм. Розенкройцерство. Др. школи |
| УДК код - определител по УДК | 141.33 |
| УДК - код + определител | 141.33 |
| 100 ## - Редна дума - Автор | |
| R(LIN) | 255864 |
| Автор | Екхарт, Майстер |
| Авторска отговорност | първи автор |
| Автор - информация (биография) | Екхарт, Йоханес |
| 139 ## - Редно поле | |
| Редна дума | Екхарт, Майстер |
| Авторски знак | Ексл - Е 45 |
| 245 ## - Сведения за заглавието | |
| Заглавие | Мистични изречения |
| Подзаглавни данни | Кн. 1 - |
| Редно поле (дума) | Майстер Екхарт ; състав., предг. Елеазар Хараш |
| Том | Кн. 3 |
| 260 ## - Област на издателските данни | |
| 9 (RLIN) | 391418 |
| Място на издаване, разпространение и проч. | Варна |
| Име на издателя, разпространителя и проч. | Светът на книгите |
| Година на издаване | 2023 |
| 300 ## - Физическа характеристика | |
| Страници | 272 с. |
| Размери/Мащаб | 17 см |
| 380 ## - Жанр | |
| Жанр | Философия |
| 500 ## - Общи забележки | |
| Забележка | Без сведение за ориг. загл.<br/>Прев. от нем. ез.<br/>Елеазар Хараш - псевд. на авт. на доп. материал Петко Йорданов Йорданов. |
| 650 #0 - Допълнително описание по предмет – тема | |
| 9 (RLIN) | 292242 |
| Основно описание – тема или топоним | Философска мистика |
| 650 #7 - Допълнително описание по предмет – тема | |
| 9 (RLIN) | 154400 |
| Основно описание – тема или топоним | Езотеризъм |
| 700 1# - Други автори (авторска отговорност) | |
| Лично име | Хараш, Елеазар |
| Пълна форма на името | Йорданов, Петко Йорданов |
| Друга информация | Писател и издател, езотерика |
| Автороска отговорност (Описва отношението между автора и произведението) | състав., предг. |
| 9 (RLIN) | 136203 |
| 852 ## - Местоположение | |
| Форматна сигнатура | Цб І 42551 |
| Фондова буква | Хранилище |
| 942 ## - АРТИКУЛИ | |
| Вид на библиотечния материал | Книги |
| Скрит в OPAC | Не |
| Периодичен библиозапис | Да |
| 944 ## - СЪЗДАВАНЕ И РЕДАКЦИЯ на ЗАПИСА | |
| Служител, извършил регистрацията/редакцията | 30545 |
| Статус, дата на статуса | Нора Радева |
| Дата на регистрацията/редакция | Христина Везирева |
| 999 ## - СИСТЕМНИ КОНТРОЛНИ НОМЕРА | |
| Koha biblionumber | 493368 |
| Koha biblioitemnumber | 493368 |
| 999 ## - СИСТЕМНИ КОНТРОЛНИ НОМЕРА | |
| Koha biblioitemnumber | 493368 |
| Код за отписване | Код за изгубен артикул | Източник на класификационната схема | Код за повреда | Коз за рестрикции | Код за отдаване | Артикулен № | Име на библиотеката - собственик | Име на библиотеката, в която се намира в момента | Статус (Текущо местоположение) | Дата на вписване в системата | Местоположение - отдел | Цена в лева | Инвентарен номер | Систематично азбучна сигнатура | Баркод | Цена в евро | Служебен тип на артикула |
|---|---|---|---|---|---|---|---|---|---|---|---|---|---|---|---|---|---|
| Не е изгубен | Universal Decimal Classification | Не е повреден | само за читалня | ползва се в читалня | 932000 | Регионална библиотека "Любен Каравелов" Русе | Регионална библиотека "Любен Каравелов" Русе | Хранилище | 2023-08-07 | Хранилище | 16.00 | 120000891174 | Цб І 42551 | 120000891174 | 8.18 | Книги | |
| Не е изгубен | Universal Decimal Classification | Не е повреден | заемане за дома | 942008 | Регионална библиотека "Любен Каравелов" Русе | Регионална библиотека "Любен Каравелов" Русе | Заемна - подръчен фонд | 2024-04-05 | Заемна - подръчен фонд | 16.00 | 120000901103 | 14/Е 45 М | 120000901103 | 8.18 | Книги |